000 00301nam a22001337a 4500
008 171031b xxu||||| |||| 00| 0 eng d
020 _a005388865791
041 _aeng
080 _24TH
_a33
100 _a59
101 _aBUS
245 _aFUNDAMENTALS OF BUSINESS LAW
_cMILLER,R.L
942 _2udc
_cBK
999 _c36847
_d36847